000 02275nam a22002657a 4500
008 091108t xxu||||| |||| 00| 0 eng d
020 _a 9780521696852
082 _222
_a428.24
_bENG
245 _aEiM TV. DVD 3:
_h[electronic resource]
260 _aCambridge :
_bCambridge University Press,
_c2007
260 _aLondon:
_bCentury Aspect Films,
_c2007
300 _a1 DVD-video :
_bsd., col. ;
_c4 3/4 in. +
_e1 booklet (48 p. ; 18 cm.).
650 _99207
_a English language
_x--Computer-assisted instruction for foreign speakers.
942 _2ddc
_cDVD
999 _c12878
_d12878